Defensa de la libertad de imprenta, ó examen del papel intitulado "Observaciones sobre la libertad de la prensa" / (Record no. 173054)
[ view plain ]
| 000 -LEADER | |
|---|---|
| campo de control de longitud fija | 00792nam a2200169 i 4500 |
| 001 - NÚMERO DE CONTROL | |
| campo de control | 173054 |
| 003 - IDENTIFICADOR DE NÚMERO DE CONTROL | |
| campo de control | ES-MaACL |
| 005 - FECHA Y HORA DE LA ÚLTIMA TRANSACCIÓN | |
| campo de control | 20230906215122.0 |
| 008 - DATOS DE LONGITUD FIJA--INFORMACIÓN GENERAL | |
| campo de control de longitud fija | 091021q1810 sp 000 0 spa d |
| 080 ## - NÚMERO DE LA CLASIFICACIÓN DECIMAL UNIVERSAL | |
| Número de la Clasificación Decimal Universal | 342.732(460)"18" |
| 245 00 - MENCIÓN DEL TÍTULO | |
| Título | Defensa de la libertad de imprenta, ó examen del papel intitulado "Observaciones sobre la libertad de la prensa" / |
| Mención de responsabilidad, etc. | por El Descubridor del Duende de nuestros exércitos. |
| 246 3# - FORMA VARIANTE DEL TITULO | |
| Título propio/Titulo breve | Examen del papel intitulado "Observaciones sobre la libertad de la prensa" |
| 260 ## - PUBLICACIÓN, DISTRIBUCIÓN, ETC. | |
| Lugar de publicación, distribución, etc. | Isla de Leon : |
| Nombre del editor, distribuidor, etc. | [s.n., |
| Fecha de publicación, distribución, etc. | 1810?] ( |
| Fabricante | Imp. de Francisco de Paula Periu) |
| 300 ## - DESCRIPCIÓN FÍSICA | |
| Extensión | 24 p. ; |
| Dimensiones | 20 cm. |
| 650 #4 - PUNTO DE ACCESO ADICIONAL DE MATERIA--TÉRMINO DE MATERIA | |
| Término de materia o nombre geográfico como elemento de entrada | Libertad de prensa- |
| Subdivisión geográfica | España- |
| Subdivisión cronológica | S.XIX. |
| 9 (RLIN) | 14415 |
| 852 4# - LOCALIZACIÓN | |
| Ubicación | ES-MaACL |
| Número de control de estantería | R-3318(20) |
| Nota libre | - Enc. en un vol. facticio con otras obras formando "Miscelánea patriótica" |
| Estatus retirado | Estado de pérdida | Estado de daño | No para préstamo | Colección | Biblioteca de origen | Biblioteca actual | Ubicación en estantería | Fecha de adquisición | Fuente de adquisición | Total de préstamos | Signatura topográfica completa | Código de barras | Visto por última vez | Precio de reemplazo | Tipo de ítem Koha |
|---|---|---|---|---|---|---|---|---|---|---|---|---|---|---|---|
| Libros del s. XIX | Biblioteca del Ateneo de Madrid | Biblioteca del Ateneo de Madrid | Depósito | 21/10/2009 | R-3318(20) | 1181587 | 23/02/2023 | 23/02/2023 | Libro impreso antiguo |
